000 00831nam a2200289Ia 4500
001 E2430
003 IT-RoPAU
008 130308s9999 xx 000 0 und d
040 _aIT-RoPAU
040 _cIT-RoPAU
041 _aFRANCESE
100 _aStevenson Charles L.
100 _gCodice Aut. SPICS: 47905
245 _aQu'est-ce qu'un poeme?
245 _bEsthetique et Poetique
250 _a1a ed.
260 _aPARIS
260 _bSeuil
260 _c1992 [1° Ed.:1992 - Ed.Ling.Originale:1957]
300 _a"45 p. (prefazione: no ; testo: 45 [pagine: 157-201])"
500 _aCosa è un Poema? Cosa significa Il Termine Poema? Poema una sequenza di Parole. Uso del Termine Poema.
650 _aSAGGI DI SEMIOLOGIA
650 _eCodice materia Spics: 3257
942 _cBK
957 _71
999 _c96124
_d96124
999 _g1